| 000 | 003180000a22001210004500 | ||
|---|---|---|---|
| 100 | 1 | _aGreen, Guillermo | |
| 245 | 1 | 0 | _a¿Anticristos disfrazados? |
| 300 | _aVol.9, núm.1 (2007), Páginas 19-28 | ||
| 500 | _aTeologías del anticristo | ||
| 650 | 1 | 4 | _aANTICRISTO-I y II JUAN |
| 773 | 0 | _tReforma Siglo 21 | |
| 942 | _cANA | ||
| 999 |
_c62630 _d62630 |
||